000 00606nam a2200229Ia 4500
008 220216s9999 xx 000 0 und d
100 _aOmran A M
245 0 _aMechanical and oil resistance characteristics of rubber blends on nitrile butadiene rubber
260 _bKautschuk Gummi Kunststoffe
_c2010
300 _a197-202
650 _aCR
650 _aNBR
650 _aOil resistance
650 _aPVC
650 _aRubber blends
650 _aVulcanizing system
700 _aAdel-Bary E M
700 _aAhmed M M
700 _aHellipolis R T L
700 _aYoussef A M
942 _cJS
999 _c62703
_d62703